Normal view
MARC view
- Economics of Defense
Entry Topical Term
001 - CONTROL NUMBER
- control field: 106228
003 - CONTROL NUMBER IDENTIFIER
- control field: NUST
005 - DATE AND TIME OF LATEST TRANSACTION
- control field: 20221228135517.0
008 - FIXED-LENGTH DATA ELEMENTS
- fixed length control field: 221228|| aca||aabn | a|a d
040 ## - CATALOGING SOURCE
- Original cataloging agency: NUST
- Transcribing agency: NUST
150 ## - HEADING--TOPICAL TERM
- Topical term or geographic name entry element: Economics of Defense
670 ## - SOURCE DATA FOUND
- Source citation: Work cat.: (NUST)186294: Hitch, Charles J 106226, The Economics of Defense in the Nuclear Age /, 1960
